000 00291nam a2200121Ia 4500
008 170620s9999 xx 000 0 und d
100 _aBURGOYNE EDWORD
245 2 _aA SHORT COURSE INORGANIC CHEMISTRY
260 _bN.DELHI TMH
260 _c1988
300 _a527
546 _aEnglish
690 _aINORGANIC CHEMISTRY
999 _c30623
_d30623